000 00698nam a2200217 i 4500
001 101286
003 ES-MaACL
005 20251012212443.0
007 t|
008 051017s1943 sp ||||1| spa d
100 1 _aMaurois, André,
_d1885-1967
_979267
245 1 0 _aLyautey /
_cAndré Maurois, [seud.] de Emile Herzog; traducción de María Luz Morales.
260 _aBarcelona :
_bSurco,
_c1943.
300 _a271 p., 6 lám. ;
_c23 cm.
490 1 _aLas nieves de ayer
600 1 7 _aLyautey, Hubert,
_d1854-1934
_2
_9165230
700 1 _aMorales, María Luz,
_d1889-1980
_983001
830 0 _aLas nieves de ayer
_9184597
852 _aES-MaACL
_jB-10073
_bR.20971
999 _c101286
_d101286